000 01645nam a22003497a 4500
001 0002203
003 KOHA_MİRAKIL
005 20260207001307.0
007 ta
008 090219b2002 tu |||gr||||#||||0|tur |
020 _a975437385X
040 _aTR-BiSEU
_btur
_cTR-BiSEU
_erda
041 0 _atur
044 _ctu
050 _aHC492
_b.A47 2002
100 1 _aAlpago, Hasan.
245 1 _aIMF-Türkiye ilişkileri/
_cHasan Alpago ; Hasan Alpago.
264 1 _aİstanbul :
_bÖtüken
_c2002
300 _a200 sayfa: resimli; 25 cm.
336 _ametin
_btxt
_2rdacontent
337 _aaracısız
_bn
_2rdamedia
338 _acilt
_bnc
_2rdacarrier
490 1 _aYayın Nu ;
_v509.
490 1 _aKültür Serisi ;
_v215.
500 _aKaynakça var.
505 _aDillerden düşmeyen 'ekenomik krizler'in içyüzü... Onunla birlikte yaşamaya çoktan alıştığımız IMF ile ilgili A'dan Z'ye her türlü bilgi ve belge... Türkiye ekonomisinin 1923'ten 2002'ye varan inişli-çıkışlı serüveni... Her gün TV ve gazetelere yansıyan Türk ve dünya ekonomisinin arka planı... Ekonomi ve siyasi tartışmalara bilinçli bakmamızı sağlayacak rehber bir kitap... Halen doktora çalışmalarını sürdüren uluslararası ekonomi uzmanı Hasan Alpago, bu çalışmasıyla, herkesi çok yakından ilgilendiren 'kriz'i karmaşık ekonomik çözümlemeleri bir yana bırakarak sade bir dille gözler önüne seriyor.
650 0 _aDevaluation of currency--Turkey.
_96551
650 0 _a Loans, Foreign--Turkey.
_96552
830 1 _aYayın Nu ;
_v509.
_96553
830 1 _aKültür Serisi ;
_v215.
_96554
942 _2lcc
_cBK
999 _c2190
_d2190